000 00911nam a2200253 a 4500
001 000043342
003 DO-SdBNP
005 20250626133937.0
008 140310s2006 dr d r 000 0 spa d
040 _aDO-SdBNP
_bspa
_cBNPHU
082 _a519.53
_bP438e, 2006
100 1 _aPérez P., Víctor F.
_970979
245 1 0 _aEstadística descriptiva /
_cVíctor F. Pérez P.
250 _a2a. ed.
260 _aSanto Domingo :
_bSoto Castillo,
_c2006.
300 _a146 p. :
_bil., gráfcs. ;
_c24 cm.
504 _aBibliografía : p. 147.
505 0 _aConceptos --
_tRecolección de datos --
_tOrganización de datos --
_tAnálisis de datos --
_tInterpretación de resultados --
590 _aInventariado, 2020/MFF
650 0 _aEstadística matemática
_xProblemas, ejercicios,etc.
_920984
650 4 _aVariables (estadística)
_919736
910 _aValidado. Control de calidad. EMS
942 _2ddc
_cLBS1
999 _c42831
_d42831